|
|
|
|
| LEADER |
01236nam a2200325 a 4500 |
| 001 |
c000076276 |
| 003 |
CARM |
| 005 |
00000000000000.0 |
| 008 |
810704c19811966nyu 00011 eng |
| 010 |
|
|
|a 81047576 //r932
|
| 019 |
1 |
|
|a 2035230
|5 LACONCORD2021
|
| 020 |
|
|
|a 0151555575
|
| 035 |
|
|
|a (OCoLC)7575627
|5 LACONCORD2021
|
| 041 |
1 |
|
|a engfre
|
| 050 |
0 |
0 |
|a PQ2637.I53
|b M27813 1981
|
| 082 |
0 |
0 |
|a 843.912
|2 19
|
| 100 |
1 |
|
|a Simenon, Georges,
|d 1903-
|
| 240 |
1 |
0 |
|a Maigret se defend.
|l English.
|
| 245 |
1 |
0 |
|a Maigret on the defensive /
|c Georges Simenon ; translated from the French by Alastair Hamilton.
|
| 250 |
|
|
|a 1st American ed.
|
| 260 |
|
|
|a New York :
|b Harcourt Brace Jovanovich,
|c 1981, c1966.
|
| 300 |
|
|
|a 148 p. ;
|c 21 cm.
|
| 500 |
|
|
|a Translation of: Maigret se defend.
|
| 500 |
|
|
|a "A Helen and Kurt Wolff book."
|
| 650 |
|
0 |
|a Maigret, Jules (Fictitious character)
|x Fiction.
|
| 650 |
|
0 |
|a Police
|z France
|z Paris
|x Fiction.
|
| 655 |
|
7 |
|a Detective and mystery stories.
|2 gsafd
|
| 852 |
8 |
|
|b CARM
|h A2:AH04G0
|i A01878
|p 0134459
|f BK
|
| 999 |
f |
f |
|i f36ed9f1-7ab0-5863-966d-6bae4db8d640
|s 126d0d2c-5733-5943-8dbe-15443ed0994a
|
| 952 |
f |
f |
|p Can circulate
|a CAVAL
|b CAVAL
|c CAVAL
|d CARM 1 Store
|e A01878
|f A2:AH04G0
|h Other scheme
|i book
|m 0134459
|